| 000 | 00577nam a2200193Ia 4500 | ||
|---|---|---|---|
| 003 | GCL | ||
| 008 | 140319s9999 xx 000 0 eng d | ||
| 040 |
_aGCL / _cGCL |
||
| 082 | 0 | 4 |
_a940.2 _bS S |
| 100 | 1 | _aSCHULZE, HAGEN | |
| 245 | 1 | 0 |
_aSTATES, NATIONS AND NATIONALISM: FROM THE MIDDLE AGES TO THE PRESENT / _cSCHULZE, HAGEN |
| 260 |
_a[S.N] : _bBLACK WELL PUBLISHERS ، _c1996 |
||
| 300 | _a376 P | ||
| 650 | 0 | 4 | _aHISTORY |
| 650 | 0 | 4 | _aHISTORY OF EUROPE |
| 650 | 0 | 4 | _aSTATES - THE MIDDLE AGE - HISTORY |
| 650 | 0 | 4 | _aSTATES - THE PRESENT AGE - HISTORY |
| 942 |
_2ddc _cBK |
||
| 999 |
_c13523 _d13523 |
||